Central Library OPAC University of Rajshahi

The Oxford handbook of modern diplomacy / (Record no. 81479)

MARC details
000 -LEADER
fixed length control field 01221nam a2200373 a 4500
001 - CONTROL NUMBER
control field 81479
003 - CONTROL NUMBER IDENTIFIER
rucl marc code BD-RjUL
005 - DATE AND TIME OF LATEST TRANSACTION
control field 20230801113342.0
008 - FIXED-LENGTH DATA ELEMENTS--GENERAL INFORMATION
fixed length control field 230529s20152013enka b 001 0 eng d
020 ## - INTERNATIONAL STANDARD BOOK NUMBER
International Standard Book Number 9780199588862 (Hbk)
International Standard Book Number 9780198743668 (Pbk)
International Standard Book Number 0199588864
035 ## - SYSTEM CONTROL NUMBER
System control number (BD-RjUL)81479
040 ## - CATALOGING SOURCE
Original cataloging agency BTCTA
Language of cataloging eng
Transcribing agency BTCTA
Modifying agency UKMGB
-- YDXCP
-- DLC
-- BD-RjUL
041 ## - LANGUAGE CODE
Language code of text/sound track or separate title eng
082 ## - DEWEY DECIMAL CLASSIFICATION NUMBER
Edition number 23
Classification number 327.2
Author mark and year OXF 2015
245 04 - TITLE STATEMENT
Title The Oxford handbook of modern diplomacy /
Statement of responsibility, etc. edited by Andrew F. Cooper, Jorge Heine, and Ramesh Thakur.
246 30 - VARYING FORM OF TITLE
Title proper/short title Modern diplomacy
260 ## - PUBLICATION, DISTRIBUTION, ETC. (IMPRINT)
Place of publication, distribution, etc. Oxford, U.K. :
Name of publisher, distributor, etc. Oxford University Press,
Date of publication, distribution, etc. 2015, 2013.
300 ## - PHYSICAL DESCRIPTION
Pagination 953p. :
Illustrations ill. ;
Size 26 cm.
490 0# - SERIES STATEMENT
Series statement Oxford handbooks
500 ## - GENERAL NOTE
General note Series information from dust jacket.
504 ## - BIBLIOGRAPHY, ETC. NOTE
Bibliography, etc Includes bibliographical references and index.
650 #0 - SUBJECT ADDED ENTRY--TOPICAL TERM
Topical term or geographic name as entry element Diplomacy.
9 (RLIN) 7726
Topical term or geographic name as entry element Diplomatie.
Source of heading or term gnd
9 (RLIN) 7727
Topical term or geographic name as entry element Internationale Politik.
Source of heading or term gnd
9 (RLIN) 7728
700 1# - ADDED ENTRY--PERSONAL NAME
Personal name Cooper, Andrew Fenton,
Dates associated with a name 1950-
Personal name Heine, Jorge.
Personal name Thakur, Ramesh Chandra,
Dates associated with a name 1948-
830 #0 - SERIES ADDED ENTRY--UNIFORM TITLE
Uniform title Oxford handbooks.
942 ## - ADDED ENTRY ELEMENTS (KOHA)
Source of classification or shelving scheme Dewey Decimal Classification
Koha item type Books
Holdings
Lost status Source of classification or shelving scheme Damaged status Not for loan Collection code Permanent Location Current Location Shelving location Date acquired Source of acquisition Cost, normal purchase price Total Checkouts Full call number Date last seen Copy number Koha item type
  Dewey Decimal Classification   Not For Loan Non-fiction Central Library, University of Rajshahi Central Library, University of Rajshahi Reading Room 21/05/2023 Dhaka : BM Book 11482.00   327.2 OXF 2013 29/05/2023 C-1 Books
  Dewey Decimal Classification     Non-fiction Central Library, University of Rajshahi Central Library, University of Rajshahi General Stacks 21/05/2023 Dhaka : BM Book 11482.00   327.2 OXF 2013 29/05/2023 C-2 Books
  Dewey Decimal Classification     Non-fiction Central Library, University of Rajshahi Central Library, University of Rajshahi General Stacks 21/05/2023 Dhaka : BM Book 11482.00   327.2 OXF 2013 29/05/2023 C-3 Books
  Dewey Decimal Classification     Non-fiction Central Library, University of Rajshahi Central Library, University of Rajshahi General Stacks 21/05/2023 Dhaka : BM Book 3384.00   327.2 OXF 2015 01/08/2023 C-4 Books
  Dewey Decimal Classification     Non-fiction Central Library, University of Rajshahi Central Library, University of Rajshahi General Stacks 21/05/2023 Dhaka : BM Book 3384.00   327.2 OXF 2015 01/08/2023 C-5 Books
  Dewey Decimal Classification     Non-fiction Central Library, University of Rajshahi Central Library, University of Rajshahi General Stacks 21/05/2023 Dhaka : BM Book 3384.00   327.2 OXF 2015 01/08/2023 C-6 Books